000 00680nam a2200217Ii 4500
003 JO-AjNU
008 230605s9999||||xx |||||||||||||| ||und||
017 _a1996/122
040 _aJO-AjNU
_bara
_erda
_cJO-AjNU
041 _aara
050 1 4 _aPJ7804 1996
100 3 _aتأليف الخلف،كاظم,
_eauthor
_98274
245 0 0 _aشموع ورياحين
250 _aط1
264 3 1 _aبغداد:دار الشؤون الثقافية العامة،1996
300 _a162ص
336 _atext
_btxt
_2rdacontent
337 _aunmediated
_bn
_2rdamedia
338 _avolume
_bnc
_2rdacarrier
650 4 _aالشعر العربي - العراق - شموع ورياحين
_98275
999 _aA705
_c4273
_d4273